Anfibi - Morte Improvvisa - Statistics

Statistiche generali
  • Questo quiz è stato fatto 39 volte
  • Il punteggio medio è 5 su 12
Answers on the Grid
Answers color-coded by a green-red scale on the quiz's grid according to % correct below.
Anguilla
Polpo Comune
Raganella Italiana
Rana Verde
Pelobate
Lombrico
Natrice dal Collare
Rospo Comune
Cecilia
Sanguisuga
Tritone Crestato
Coccodrillo Marino
Iguana Verde
Orbettino
Cobra
Axolotl
Proteo
Echidna
Oritteropo
Salamandra Pezzata
Salamandra Giapponese
Scorfano
Vipera
Alligatore
Lucertola Muraiola
Drago di Komodo
Rana Temporaria
Cane d'acqua
Mostro di Gila
Tartaruga delle Galapagos
 
Statistiche sulle risposte
Risposta % Corretto
Rana Verde
90%
Rospo Comune
87%
Raganella Italiana
80%
Rana Temporaria
40%
Salamandra Giapponese
40%
Salamandra Pezzata
37%
Tritone Crestato
37%
Axolotl
27%
Proteo
20%
Pelobate
17%
Cecilia
13%
Cane d'acqua
3%
Nessun quiz corrispondente trovato
Distribuzione punteggi
Percentuale di utenti per punteggio
Percentile per numero di risposta
I tuoi punteggi nel tempo
Non hai fatto questo quiz